000
00319nam a22001337a 4500
008
170802b xxu||||| |||| 00| 0 eng d
020
_a
9780071791861
041
_a
eng
080
_a
004
100
_a
32
101
_a
SHKI
245
_a
EFFECTIVE MYSQL REPLICATION TECHNIQUES IN DEPTH
_c
BRADFORD, R
942
_2
udc
_c
BK
999
_c
22577
_d
22577